[Event "HUN-chT2 Maroczy 1819"]
[Site "Hungary"]
[Date "2018.09.23"]
[Round "1.6"]
[White "Havasi, Janos"]
[Black "Szabo, Balazs"]
[Result "1/2-1/2"]
[WhiteElo "2131"]
[BlackElo "2210"]
[PlyCount "35"]
[EventDate "2018.09.23"]
[EventType "team-tourn"]
[EventRounds "11"]
[EventCountry "HUN"]
[SourceTitle "EXT 2020"]
[Source "ChessBase"]
[SourceDate "2019.10.17"]
[SourceVersion "1"]
[SourceVersionDate "2019.10.17"]
[SourceQuality "1"]
[WhiteTeam "Budapest Vasas"]
[BlackTeam "Budapest MTK"]
[WhiteTeamCountry "HUN"]
[BlackTeamCountry "HUN"]

1. e4 e5 2. Nf3 Nc6 3. d4 exd4 4. Nxd4 Bc5 5. Nxc6 Qf6 6. Qe2 Qxc6 7. Nc3 Ne7 8. Bd2 0-0 9. 0-0-0 d6 10. f4 f5 11. h3 Bb4 12. Qc4+ Qxc4 13. Bxc4+ Kh8 14. Nd5 Bxd2+ 15. Rxd2 Nxd5 16. exd5 Bd7 17. Re1 Rfe8 18. Rde2 1/2-1/2

[Event "Vaujany op 9th"]
[Site "Vaujany"]
[Date "2018.07.16"]
[Round "5"]
[White "Konguvel, Ponnuswamy"]
[Black "Szabo, Balazs"]
[Result "1-0"]
[WhiteElo "2340"]
[BlackElo "2229"]
[PlyCount "87"]
[EventDate "2018.07.12"]
[EventType "swiss"]
[EventRounds "9"]
[EventCountry "FRA"]
[SourceTitle "EXT 2019"]
[Source "ChessBase"]
[SourceDate "2018.10.10"]
[SourceVersion "1"]
[SourceVersionDate "2018.10.10"]
[SourceQuality "1"]

1. e4 e5 2. Nf3 Nc6 3. Bb5 a6 4. Ba4 Nf6 5. 0-0 Bc5 6. c3 0-0 7. d4 Ba7 8. Bg5 h6 9. Bh4 exd4 10. e5 g5 11. Bxc6 dxc3 12. Nxc3 dxc6 13. Qxd8 Rxd8 14. Nxg5 Nd5 15. Nge4 Nxc3 16. bxc3 Rd3 17. Rad1 Rxd1 18. Rxd1 Be6 19. a3 b5 20. Be7 Bf5 21. Nf6+ Kg7 22. g4 Be6 23. Kg2 a5 24. f4 c5 25. f5 Bb3 26. Rd3 b4 27. cxb4 c4 28. Rh3 Bc2 29. Rc3 Bd3 30. Bc5 Bxc5 31. bxc5 Rb8 32. Nh5+ Kf8 33. Nf4 Rb2+ 34. Kf3 Bf1 35. Rc1 Rb3+ 36. Ke4 Bd3+ 37. Nxd3 cxd3 38. Rd1 Rc3 39. Rxd3 Rxc5 40. f6 Ke8 41. Rd5 Rc4+ 42. Kf5 Ra4 43. Rd3 h5 44. g5 1-0

[Event "HUN-chT 1718"]
[Site "Hungary"]
[Date "2017.12.03"]
[Round "3.5"]
[White "Nagy, Gabor"]
[Black "Szabo, Balazs"]
[Result "1-0"]
[WhiteElo "2472"]
[BlackElo "2254"]
[PlyCount "83"]
[EventDate "2017.11.25"]
[EventType "team-tourn"]
[EventRounds "9"]
[EventCountry "HUN"]
[SourceTitle "EXT 2019"]
[Source "ChessBase"]
[SourceDate "2018.10.10"]
[SourceVersion "1"]
[SourceVersionDate "2018.10.10"]
[SourceQuality "1"]
[WhiteTeam "Kobanya Aquarena"]
[BlackTeam "Budapest MTK"]
[WhiteTeamCountry "HUN"]
[BlackTeamCountry "HUN"]

1. Nf3 Nf6 2. c4 c5 3. Nc3 b6 4. g3 Bb7 5. Bg2 g6 6. 0-0 Bg7 7. Re1 Ne4 8. Nxe4 Bxe4 9. d4 cxd4 10. Bh6 Bxh6 11. Qxd4 0-0 12. Qxe4 Nc6 13. Rad1 Rc8 14. e3 Bg7 15. Re2 d6 16. b3 Rc7 17. h4 h6 18. Ne1 Qc8 19. Nd3 Qe6 20. Qxe6 fxe6 21. Nf4 Kf7 22. Bh3 Nd8 23. h5 gxh5 24. Nxh5 e5 25. f4 Bh8 26. Bg2 Ke8 27. Bd5 Nb7 28. Rf1 Nc5 29. g4 e6 30. Bg2 a5 31. Rd2 Ke7 32. Kh2 Rcc8 33. Kh3 Rcd8 34. Rfd1 Rg8 35. Bc6 Rg6 36. a3 Nxb3 37. Rb2 Nc5 38. Rxb6 Rgg8 39. Bb5 Ne4 40. Rb7+ Kf8 41. Rf1 Nd2 42. f5 1-0

[Event "HUN-chT 1718"]
[Site "Hungary"]
[Date "2017.11.26"]
[Round "2.6"]
[White "Lajthajm, Borko"]
[Black "Szabo, Balazs"]
[Result "1/2-1/2"]
[WhiteElo "2465"]
[BlackElo "2254"]
[PlyCount "51"]
[EventDate "2017.11.25"]
[EventType "team-tourn"]
[EventRounds "9"]
[EventCountry "HUN"]
[SourceTitle "CBM 181 Extra"]
[Source "ChessBase"]
[SourceDate "2017.12.12"]
[SourceVersion "1"]
[SourceVersionDate "2017.12.12"]
[SourceQuality "1"]
[WhiteTeam "Husi"]
[BlackTeam "Budapest MTK"]
[WhiteTeamCountry "HUN"]
[BlackTeamCountry "HUN"]

1. c4 b6 2. Nc3 Bb7 3. e4 e6 4. Nf3 c5 5. Be2 a6 6. 0-0 Qc7 7. b3 Nc6 8. d3 Nf6 9. h3 Be7 10. Bb2 0-0 11. Re1 d6 12. Bf1 Nd7 13. Ne2 Rad8 14. d4 cxd4 15. Nfxd4 Rfe8 16. Ng3 Bf8 17. Rc1 Nce5 18. f4 Ng6 19. f5 Nge5 20. fxe6 fxe6 21. Rc2 Nf6 22. Nf3 Qf7 23. Kh2 Nfd7 24. Rf2 Qg6 25. Qa1 Be7 26. Bd4 1/2-1/2

[Event "HUN-chT2 Charousek 1516"]
[Site "Hungary"]
[Date "2016.03.20"]
[Round "7.4"]
[White "Szabo, Balazs"]
[Black "Pasztor, Ferenc"]
[Result "1-0"]
[WhiteElo "2254"]
[BlackElo "2265"]
[PlyCount "73"]
[EventDate "2015.10.18"]
[EventType "team-tourn"]
[EventRounds "9"]
[EventCountry "HUN"]
[SourceTitle "EXT 2017"]
[Source "ChessBase"]
[SourceDate "2016.10.25"]
[SourceVersion "1"]
[SourceVersionDate "2016.10.25"]
[SourceQuality "1"]
[WhiteTeam "Budapest MTK"]
[BlackTeam "Tapolca Rockwool"]
[WhiteTeamCountry "HUN"]
[BlackTeamCountry "HUN"]

1. d4 d5 2. Nf3 e6 3. Bf4 Bd6 4. Bg3 Nf6 5. Nbd2 c5 6. e3 Nc6 7. c3 0-0 8. Bd3 b6 9. Qe2 Bb7 10. Rd1 Re8 11. e4 dxe4 12. Nxe4 Nxe4 13. Bxe4 cxd4 14. Nxd4 Nxd4 15. Rxd4 Bd5 16. 0-0 Bc5 17. Rd3 Qg5 18. h4 Qh6 19. Bxd5 exd5 20. Qf3 Rad8 21. Rfd1 Qg6 22. b4 Bf8 23. h5 Qc6 24. Kh2 g6 25. Rxd5 Rxd5 26. Rxd5 Qc4 27. a4 Bg7 28. Rd7 Rc8 29. Rxa7 Bxc3 30. b5 Bg7 31. Ra8 Bf8 32. Rxc8 Qxc8 33. Qf6 Bg7 34. Qxb6 Qf5 35. Qd8+ Bf8 36. b6 Qxh5+ 37. Kg1 1-0

[Event "HUN-chT2 Toth 1516"]
[Site "Hungary"]
[Date "2015.12.06"]
[Round "6.12"]
[White "Nyers, Daniel"]
[Black "Szabo, Balazs"]
[Result "1-0"]
[WhiteElo "1391"]
[BlackElo "1694"]
[PlyCount "103"]
[EventDate "2015.09.13"]
[EventType "team-tourn"]
[EventRounds "11"]
[EventCountry "HUN"]
[SourceTitle "CBM 170 Extra"]
[Source "ChessBase"]
[SourceDate "2016.02.25"]
[SourceVersion "1"]
[SourceVersionDate "2016.02.25"]
[SourceQuality "1"]
[WhiteTeam "Ujszasz"]
[BlackTeam "Toth Laszlo II"]
[WhiteTeamCountry "HUN"]
[BlackTeamCountry "HUN"]

1. e4 e5 2. Nf3 Nc6 3. Bc4 Be7 4. d3 d6 5. Be3 Na5 6. Bb3 Nxb3 7. axb3 a6 8. Nc3 Nf6 9. h3 0-0 10. 0-0 c5 11. Ne2 b5 12. b4 c4 13. dxc4 bxc4 14. Nd2 Be6 15. c3 d5 16. exd5 Qxd5 17. Ra5 Qd6 18. Bc5 Qc7 19. Bxe7 Qxe7 20. Rxe5 Qd6 21. Ra5 Rfd8 22. Nd4 Bd5 23. Ra1 Nd7 24. Qg4 Ne5 25. Qh4 Qg6 26. Qg3 Qh5 27. N2f3 Nd3 28. Rab1 h6 29. Nh4 Be4 30. f3 Bh7 31. Nc6 Re8 32. Na5 Re5 33. f4 Re4 34. Qg4 Qxg4 35. hxg4 Rxf4 36. Rxf4 Nxf4 37. Rf1 g5 38. Nf5 Bxf5 39. gxf5 Rb8 40. Nxc4 Re8 41. Kh2 Re2 42. Rg1 Nd3 43. Ra1 Nxb2 44. Nxb2 Rxb2 45. Rxa6 Kg7 46. Rb6 Rf2 47. c4 Rxf5 48. c5 Rf4 49. c6 Rc4 50. b5 Kf6 51. c7+ Ke7 52. Rc6 1-0

[Event "HUN-chT2 Charousek 1516"]
[Site "Hungary"]
[Date "2015.10.18"]
[Round "1.4"]
[White "Kaczur, Florian"]
[Black "Szabo, Balazs"]
[Result "0-1"]
[WhiteElo "2376"]
[BlackElo "2254"]
[PlyCount "96"]
[EventDate "2015.10.18"]
[EventType "team-tourn"]
[EventRounds "9"]
[EventCountry "HUN"]
[SourceTitle "CBM 170 Extra"]
[Source "ChessBase"]
[SourceDate "2016.02.25"]
[SourceVersion "1"]
[SourceVersionDate "2016.02.25"]
[SourceQuality "1"]
[WhiteTeam "Paks ASE II"]
[BlackTeam "Budapest MTK"]
[WhiteTeamCountry "HUN"]
[BlackTeamCountry "HUN"]

1. e4 c5 2. Nc3 a6 3. Nf3 e6 4. d4 cxd4 5. Nxd4 b5 6. Be2 Bb7 7. Bf3 Ne7 8. 0-0 Nbc6 9. Nb3 Ng6 10. g3 Be7 11. Bg2 Nge5 12. Qe2 d6 13. Re1 0-0 14. a4 b4 15. Nd1 a5 16. f4 Nd7 17. Nf2 Qc7 18. Nd3 Rac8 19. Be3 Bf6 20. Qf2 e5 21. Rad1 Rfe8 22. g4 exf4 23. Qxf4 h6 24. Qg3 Nde5 25. Nf4 Qd8 26. Bf2 Nc4 27. Nd5 Be5 28. Qf3 Nxb2 29. Ra1 Nc4 30. Rad1 Ne7 31. Rf1 Nxd5 32. exd5 Qf6 33. Qh3 Qg6 34. Rd3 Ba6 35. Rf3 Bf6 36. Bg3 Ne3 37. Re1 Nxc2 38. Rxe8+ Rxe8 39. g5 Ne1 40. Rxf6 gxf6 41. Qd7 Re2 42. Bf1 Qxg5 43. Bxe2 Qe3+ 44. Bf2 Qxe2 45. Qh3 Nf3+ 46. Kg2 Ng5 47. Qf5 Bd3 48. Qf4 Qf1+ 0-1

[Event "Budapest FS09 GM"]
[Site "Budapest"]
[Date "2015.09.14"]
[Round "9"]
[White "Szabo, Balazs"]
[Black "Lizak, Peter"]
[Result "0-1"]
[WhiteElo "2279"]
[BlackElo "2450"]
[PlyCount "84"]
[EventDate "2015.09.05"]
[EventType "tourn"]
[EventRounds "9"]
[EventCountry "HUN"]
[EventCategory "8"]
[SourceTitle "EXT 2016"]
[Source "ChessBase"]
[SourceDate "2015.10.08"]
[SourceVersion "1"]
[SourceVersionDate "2015.10.08"]
[SourceQuality "1"]

1. Nf3 Nf6 2. c4 e6 3. d4 d5 4. Nc3 Bb4 5. e3 0-0 6. Bd3 c5 7. 0-0 Nc6 8. a3 Bxc3 9. bxc3 Qc7 10. Qe2 b6 11. Bb2 Rd8 12. Rac1 dxc4 13. Bxc4 e5 14. h3 Bb7 15. Rfd1 e4 16. Nd2 Rac8 17. Ba2 Qe7 18. Nf1 Na5 19. Ng3 c4 20. Ra1 Rd5 21. Rf1 h5 22. f4 exf3 23. Rxf3 Rg5 24. e4 h4 25. Nf5 Qxe4 26. Qxe4 Bxe4 27. Ne7+ Kf8 28. Bc1 Rxg2+ 29. Kxg2 Kxe7 30. Bg5 Rc6 31. Kf2 Bxf3 32. Kxf3 Kf8 33. Bxh4 Nd5 34. Be1 Nb3 35. Rb1 Re6 36. Bxb3 Re3+ 37. Kf2 cxb3 38. c4 Nc3 39. Kxe3 Nxb1 40. Bb4+ Ke8 41. Kd3 a5 42. Bd6 b2 0-1

[Event "Budapest FS09 GM"]
[Site "Budapest"]
[Date "2015.09.05"]
[Round "1"]
[White "Szabo, Balazs"]
[Black "Czebe, Attila"]
[Result "0-1"]
[WhiteElo "2279"]
[BlackElo "2439"]
[PlyCount "186"]
[EventDate "2015.09.05"]
[EventType "tourn"]
[EventRounds "9"]
[EventCountry "HUN"]
[EventCategory "8"]
[SourceTitle "EXT 2016"]
[Source "ChessBase"]
[SourceDate "2015.10.08"]
[SourceVersion "1"]
[SourceVersionDate "2015.10.08"]
[SourceQuality "1"]

1. Nf3 g6 2. c4 Bg7 3. Nc3 e5 4. e3 Ne7 5. Be2 0-0 6. 0-0 d5 7. cxd5 Nxd5 8. a3 Nxc3 9. dxc3 Qxd1 10. Rxd1 a5 11. e4 Be6 12. Be3 Bb3 13. Re1 Rd8 14. Nd2 Be6 15. Rad1 Nc6 16. f3 a4 17. Nc4 b5 18. Rxd8+ Rxd8 19. Nd2 Rb8 20. Nf1 Na5 21. Rd1 Bf8 22. Ba7 Rb7 23. Bf2 Be7 24. Ne3 c6 25. h4 Kf8 26. g3 Ke8 27. Nc2 Bc4 28. Kf1 Bxe2+ 29. Kxe2 Nc4 30. Rb1 Rd7 31. Be3 Bc5 32. Bh6 f5 33. Bc1 fxe4 34. fxe4 Nd6 35. Be3 Bxe3 36. Nxe3 Nxe4 37. Nf1 h5 38. Ke3 Nf6 39. Nd2 Ke7 40. Ke2 Ke6 41. Rc1 Rb7 42. Rf1 Rb8 43. Rd1 c5 44. Rc1 Rb7 45. Ke3 c4 46. Nf3 Rd7 47. Ng5+ Ke7 48. Rf1 Rd8 49. Ke2 Rd6 50. Rf3 Rd5 51. Rf1 e4 52. Rf4 Re5 53. Rf1 Rf5 54. Rd1 e3 55. Kxe3 Ng4+ 56. Kd4 Rf2 57. Rb1 Rg2 58. Kc5 Rxg3 59. Kxb5 Nh6 60. Re1+ Kf8 61. Re4 Nf5 62. Kxa4 Rg2 63. Nf3 Rxb2 64. Rxc4 Kg7 65. Rc7+ Kh6 66. Rc4 Rf2 67. Ne5 Re2 68. Nf3 Re3 69. Rf4 Rxc3 70. Kb4 Rc8 71. a4 Ne3 72. Rf7 Rb8+ 73. Kc5 Rc8+ 74. Kb5 Nf5 75. Kb4 Rb8+ 76. Kc3 Re8 77. Rd7 Re3+ 78. Rd3 Re4 79. Nd4 Rxh4 80. a5 Nxd4 81. Rxd4 Rh3+ 82. Rd3 Rh1 83. Kb4 h4 84. a6 Rf1 85. a7 Rf8 86. Ra3 Ra8 87. Kc4 Kg5 88. Kd4 Kf4 89. Ra6 g5 90. Rf6+ Kg3 91. Rf7 g4 92. Ke4 h3 93. Kf5 h2 0-1

[Event "Guillermo Garcia Memorial-B 24th"]
[Site "Santa Clara"]
[Date "2015.06.10"]
[Round "8"]
[White "Martinez Duany, Lelys Stanley"]
[Black "Szabo, Balazs"]
[Result "1/2-1/2"]
[WhiteElo "2459"]
[BlackElo "2276"]
[PlyCount "122"]
[EventDate "2015.06.03"]
[EventType "tourn"]
[EventRounds "9"]
[EventCountry "CUB"]
[EventCategory "6"]
[SourceTitle "CBM 167 Extra"]
[Source "ChessBase"]
[SourceDate "2015.09.14"]
[SourceVersion "1"]
[SourceVersionDate "2015.09.14"]
[SourceQuality "1"]

1. e4 c5 2. Nf3 e6 3. Nc3 a6 4. d4 cxd4 5. Nxd4 b5 6. Bd3 Bb7 7. 0-0 Nc6 8. Nxc6 Bxc6 9. a4 b4 10. Nb1 Bc5 11. Nd2 Qc7 12. Qe2 Nf6 13. e5 Nd5 14. Nb3 Ba7 15. Bxa6 0-0 16. Bd3 f6 17. Qh5 f5 18. Re1 Ne7 19. Qh4 Ng6 20. Qxb4 Nxe5 21. Bf4 Nxd3 22. cxd3 Qd8 23. Nd4 Bd5 24. Nb5 Bb6 25. Qd2 Bc6 26. Nc3 Qe8 27. d4 Ba5 28. Re3 Bxa4 29. Rg3 Bc6 30. Be5 Rf7 31. Re1 Qf8 32. Qf4 Bb4 33. Rh3 Be7 34. d5 exd5 35. Bd4 Rb8 36. Qf3 Rb4 37. Qh5 h6 38. Ne2 f4 39. Qg6 Bg5 40. Rh5 Qe7 41. h4 Rf6 42. Bxf6 Bxf6 43. Rxh6 Re4 44. Qh7+ Kf8 45. Qh8+ Kf7 46. Rxf6+ Qxf6 47. Qh5+ g6 48. Qh7+ Kf8 49. f3 Re7 50. Qh6+ Kf7 51. Kf2 Qxb2 52. Qxf4+ Kg8 53. Qg5 Re6 54. h5 d4 55. Kg3 Qb8+ 56. Nf4 Rxe1 57. Qxg6+ Kh8 58. Qf6+ Kg8 59. Qg6+ Kh8 60. Qf6+ Kg8 61. Qg6+ Kh8 1/2-1/2

[Event "Guillermo Garcia Memorial-B 24th"]
[Site "Santa Clara"]
[Date "2015.06.09"]
[Round "7"]
[White "Szabo, Balazs"]
[Black "Pozo Vera, Sandro"]
[Result "1/2-1/2"]
[WhiteElo "2276"]
[BlackElo "2421"]
[PlyCount "20"]
[EventDate "2015.06.03"]
[EventType "tourn"]
[EventRounds "9"]
[EventCountry "CUB"]
[EventCategory "6"]
[SourceTitle "CBM 167 Extra"]
[Source "ChessBase"]
[SourceDate "2015.09.14"]
[SourceVersion "1"]
[SourceVersionDate "2015.09.14"]
[SourceQuality "1"]

1. Nf3 Nf6 2. c4 e6 3. e3 c5 4. Nc3 Nc6 5. d4 d5 6. a3 Ne4 7. Bd3 Nxc3 8. bxc3 Be7 9. 0-0 0-0 10. e4 dxc4 1/2-1/2

[Event "Guillermo Garcia Memorial-B 24th"]
[Site "Santa Clara"]
[Date "2015.06.05"]
[Round "3"]
[White "Perez Garcia, Rodney Oscar"]
[Black "Szabo, Balazs"]
[Result "1/2-1/2"]
[WhiteElo "2344"]
[BlackElo "2276"]
[PlyCount "29"]
[EventDate "2015.06.03"]
[EventType "tourn"]
[EventRounds "9"]
[EventCountry "CUB"]
[EventCategory "6"]
[SourceTitle "CBM 167 Extra"]
[Source "ChessBase"]
[SourceDate "2015.09.14"]
[SourceVersion "1"]
[SourceVersionDate "2015.09.14"]
[SourceQuality "1"]

1. e4 e6 2. d4 d5 3. Nc3 Bb4 4. e5 c5 5. Bd2 Ne7 6. Nb5 Bxd2+ 7. Qxd2 0-0 8. f4 a6 9. Nd6 cxd4 10. Nf3 Nbc6 11. g3 Qb6 12. 0-0-0 Bd7 13. Nxd4 Nc8 14. Nxc8 Rfxc8 15. Kb1 1/2-1/2

[Event "Guillermo Garcia Memorial-B 24th"]
[Site "Santa Clara"]
[Date "2015.06.04"]
[Round "2"]
[White "Szabo, Balazs"]
[Black "Estrada Nieto, Julian"]
[Result "1/2-1/2"]
[WhiteElo "2276"]
[BlackElo "2309"]
[PlyCount "28"]
[EventDate "2015.06.03"]
[EventType "tourn"]
[EventRounds "9"]
[EventCountry "CUB"]
[EventCategory "6"]
[SourceTitle "CBM 167 Extra"]
[Source "ChessBase"]
[SourceDate "2015.09.14"]
[SourceVersion "1"]
[SourceVersionDate "2015.09.14"]
[SourceQuality "1"]

1. d4 d5 2. c4 dxc4 3. Nf3 Nf6 4. e3 e6 5. Bxc4 c5 6. 0-0 a6 7. dxc5 Qxd1 8. Rxd1 Bxc5 9. a3 b5 10. Be2 Bb7 11. b4 Be7 12. Nbd2 Nbd7 13. Bb2 0-0 14. Rac1 Rac8 1/2-1/2

[Event "HUN-chT2 Maroczy 1415"]
[Site "Hungary"]
[Date "2015.01.25"]
[Round "5"]
[White "Szabo, Balazs"]
[Black "Vegh, Endre"]
[Result "1/2-1/2"]
[WhiteElo "2277"]
[BlackElo "2281"]
[PlyCount "64"]
[EventDate "2014.10.12"]
[EventType "team-tourn"]
[EventRounds "9"]
[EventCountry "HUN"]
[SourceTitle "EXT 2016"]
[Source "ChessBase"]
[SourceDate "2015.10.08"]
[SourceVersion "1"]
[SourceVersionDate "2015.10.08"]
[SourceQuality "1"]
[WhiteTeam "Hajduboszormeny"]
[BlackTeam "Dunaharaszti II"]
[WhiteTeamCountry "HUN"]
[BlackTeamCountry "HUN"]

1. c4 c5 2. g3 g6 3. Bg2 Bg7 4. Nc3 Nc6 5. Nf3 Nf6 6. 0-0 0-0 7. d3 d5 8. cxd5 Nxd5 9. Nxd5 Qxd5 10. Be3 Bxb2 11. Rb1 Bg7 12. Qa4 Qd6 13. Rfc1 Nd4 14. Nxd4 cxd4 15. Bf4 Qe6 16. Qc4 Qxe2 17. Re1 Qg4 18. Rxe7 Be6 19. Qa4 Qe2 20. Bf1 Qxa2 21. Qxa2 Bxa2 22. Rbxb7 a5 23. Bg2 Rae8 24. Rxe8 Rxe8 25. Bc6 Re1+ 26. Kg2 h6 27. h4 a4 28. Ra7 Bb3 29. h5 Re8 30. hxg6 fxg6 31. Bxa4 Bxa4 32. Rxa4 g5 1/2-1/2

[Event "Budapest Art Pub Cup 6th"]
[Site "Budapest"]
[Date "2015.01.04"]
[Round "5"]
[White "Vargyas, Zoltan"]
[Black "Szabo, Balazs"]
[Result "1/2-1/2"]
[WhiteElo "2040"]
[BlackElo "2277"]
[PlyCount "96"]
[EventDate "2015.01.02"]
[EventType "swiss"]
[EventRounds "6"]
[EventCountry "HUN"]
[SourceTitle "CBM 164 Extra"]
[Source "ChessBase"]
[SourceDate "2015.03.02"]
[SourceVersion "1"]
[SourceVersionDate "2015.03.02"]
[SourceQuality "1"]

1. e4 c5 2. Nf3 e6 3. d4 cxd4 4. Nxd4 a6 5. Bd3 Bc5 6. Nb3 Ba7 7. Qe2 d6 8. Be3 Nc6 9. 0-0 Nf6 10. f4 e5 11. Bxa7 Rxa7 12. Nc3 0-0 13. Kh1 b5 14. a4 b4 15. Nd5 Re8 16. Qf2 Ng4 17. Qg1 Ra8 18. f5 Nf6 19. a5 Bb7 20. Ra4 Nxd5 21. exd5 Ne7 22. Rxb4 Bxd5 23. Rb6 Bxb3 24. Rxb3 Qxa5 25. Qb6 Qd2 26. h3 Nd5 27. Qf2 Qxf2 28. Rxf2 Nf4 29. Rd2 e4 30. Bc4 e3 31. Rd1 d5 32. Bd3 Re5 33. Rb4 Nxd3 34. cxd3 Rxf5 35. Re1 Re5 36. Re2 h5 37. g3 a5 38. Rb5 Rd8 39. Rxa5 Re6 40. d4 g5 41. Ra3 Re4 42. Rexe3 Rxd4 43. Re5 f6 44. Re7 Re4 45. Rc7 Kf8 46. Raa7 d4 47. Rh7 Kg8 48. Kg2 g4 1/2-1/2

[Event "HUN-chT2 Maroczy 1415"]
[Site "Hungary"]
[Date "2014.10.12"]
[Round "1"]
[White "Vanczak, Attila"]
[Black "Szabo, Balazs"]
[Result "1/2-1/2"]
[WhiteElo "2232"]
[BlackElo "2297"]
[PlyCount "55"]
[EventDate "2014.10.12"]
[EventType "team-tourn"]
[EventRounds "9"]
[EventCountry "HUN"]
[SourceTitle "EXT 2016"]
[Source "ChessBase"]
[SourceDate "2015.10.08"]
[SourceVersion "1"]
[SourceVersionDate "2015.10.08"]
[SourceQuality "1"]
[WhiteTeam "Miskolc KisBocsok"]
[BlackTeam "Hajduboszormeny"]
[WhiteTeamCountry "HUN"]
[BlackTeamCountry "HUN"]

1. e4 c5 2. Nf3 Nc6 3. b4 Nxb4 4. c3 Nc6 5. d4 d5 6. exd5 Qxd5 7. Be2 cxd4 8. cxd4 e6 9. 0-0 Bb4 10. Na3 Nge7 11. Nb5 Qd8 12. a3 Ba5 13. Bf4 0-0 14. Rc1 Nd5 15. Bg3 a6 16. Nd6 Nc3 17. Qd3 Nxe2+ 18. Qxe2 Bc7 19. Nc4 Bxg3 20. hxg3 b5 21. Nce5 Nxe5 22. Qxe5 Ra7 23. Qc5 Rd7 24. Ne5 Rd6 25. Qa7 Qb6 26. Qe7 Qd8 27. Qa7 Qb6 28. Qe7 1/2-1/2

[Event "Balaton IM 32nd"]
[Site "Balatonboglar"]
[Date "2014.06.18"]
[Round "6"]
[White "Szabo, Balazs"]
[Black "Tesik, Csaba"]
[Result "0-1"]
[WhiteElo "2349"]
[BlackElo "2336"]
[PlyCount "120"]
[EventDate "2014.06.14"]
[EventType "tourn"]
[EventRounds "10"]
[EventCountry "HUN"]
[EventCategory "1"]
[SourceTitle "EXT 2015"]
[Source "ChessBase"]
[SourceDate "2014.11.20"]
[SourceVersion "1"]
[SourceVersionDate "2014.11.20"]
[SourceQuality "1"]

1. d4 Nf6 2. c4 g6 3. Nf3 Bg7 4. e3 d6 5. Be2 0-0 6. 0-0 c5 7. d5 e6 8. Nc3 exd5 9. cxd5 Re8 10. Nd2 Na6 11. e4 Nc7 12. a4 b6 13. Re1 Rb8 14. Bf1 Ng4 15. Nf3 a6 16. Bg5 Qd7 17. Rc1 b5 18. axb5 axb5 19. b4 c4 20. h3 Ne5 21. Nxe5 Bxe5 22. Qd2 Bb7 23. g3 f5 24. Bg2 fxe4 25. Rxe4 Qf7 26. Rxe5 Rxe5 27. Bf4 Rxd5 28. Nxd5 Bxd5 29. Bxd6 Bxg2 30. Bxc7 Qxc7 31. Kxg2 Rd8 32. Qg5 Qc6+ 33. Kg1 Qd5 34. Qf6 Rf8 35. Qb6 Re8 36. h4 Qd2 37. Ra1 Re1+ 38. Rxe1 Qxe1+ 39. Kh2 Qxb4 40. Qe6+ Kg7 41. Qd7+ Kf6 42. Qd4+ Ke6 43. Qe4+ Kd6 44. Qd4+ Kc6 45. Qe4+ Kb6 46. Qd4+ Qc5 47. Qf6+ Qc6 48. Qd4+ Kb7 49. Qg7+ Qc7 50. Qc3 Qd6 51. Kg1 Kb6 52. g4 Qd1+ 53. Kh2 Qxg4 54. Qf6+ Kc5 55. Qe5+ Kc6 56. Qf6+ Kd5 57. f3 Qd7 58. Kg2 b4 59. Qb2 Kc5 60. Qe5+ Qd5 0-1

[Event "Balaton IM 32nd"]
[Site "Balatonboglar"]
[Date "2014.06.16"]
[Round "3"]
[White "Horton, Jamie A"]
[Black "Szabo, Balazs"]
[Result "1/2-1/2"]
[WhiteElo "2012"]
[BlackElo "2349"]
[PlyCount "99"]
[EventDate "2014.06.14"]
[EventType "tourn"]
[EventRounds "10"]
[EventCountry "HUN"]
[EventCategory "1"]
[SourceTitle "EXT 2015"]
[Source "ChessBase"]
[SourceDate "2014.11.20"]
[SourceVersion "1"]
[SourceVersionDate "2014.11.20"]
[SourceQuality "1"]

1. e4 d6 2. d4 g6 3. Nc3 a6 4. a4 Bg7 5. h3 Nd7 6. Nf3 b6 7. Be2 Bb7 8. 0-0 e6 9. Re1 Ne7 10. Bf4 h6 11. Qd2 g5 12. Bh2 Ng6 13. Rad1 0-0 14. Bc4 Qb8 15. Kh1 Qa7 16. Ng1 Rae8 17. Nge2 Qa8 18. Ng3 Nf4 19. Nge2 Nxe2 20. Rxe2 f5 21. f3 d5 22. exd5 exd5 23. Bb3 f4 24. Rde1 Nf6 25. Nd1 Rxe2 26. Rxe2 Re8 27. c3 Rxe2 28. Qxe2 Qe8 29. Qxe8+ Nxe8 30. g3 fxg3 31. Bxg3 Kf7 32. Kg1 c5 33. dxc5 bxc5 34. f4 Ke6 35. fxg5 hxg5 36. Bf2 Kd6 37. Ne3 Bf8 38. Ng4 Be7 39. Ne3 Ng7 40. Bg3+ Ke6 41. Bd1 Bd6 42. Bg4+ Ke7 43. Bf2 Be5 44. Bf3 Kd6 45. Nc4+ dxc4 46. Bxb7 a5 47. Ba6 Kd5 48. Bb7+ Kd6 49. Ba6 Kd5 50. Bb7+ 1/2-1/2

[Event "Balaton IM 32nd"]
[Site "Balatonboglar"]
[Date "2014.06.15"]
[Round "2"]
[White "Szabo, Balazs"]
[Black "Ianov, Viktor"]
[Result "1-0"]
[WhiteElo "2349"]
[BlackElo "2292"]
[PlyCount "53"]
[EventDate "2014.06.14"]
[EventType "tourn"]
[EventRounds "10"]
[EventCountry "HUN"]
[EventCategory "1"]
[SourceTitle "EXT 2015"]
[Source "ChessBase"]
[SourceDate "2014.11.20"]
[SourceVersion "1"]
[SourceVersionDate "2014.11.20"]
[SourceQuality "1"]

1. e4 d6 2. d4 Nf6 3. Nc3 e5 4. Nf3 Nbd7 5. Be2 Be7 6. g4 g6 7. g5 Nh5 8. h4 c6 9. Be3 Qc7 10. Qd2 b5 11. 0-0-0 Nb6 12. dxe5 dxe5 13. Nxe5 b4 14. Nxc6 bxc3 15. Qxc3 0-0 16. Nxe7+ Qxe7 17. Bxh5 gxh5 18. Bc5 Qe8 19. Qf6 Nd7 20. Rxd7 Qxd7 21. Bd4 Qxd4 22. Qxd4 Bg4 23. Qf6 Rab8 24. f3 Be6 25. Rd1 Rfc8 26. b3 a5 27. Rd4 1-0

[Event "HUN-chT2 Maroczy 1314"]
[Site "Hungary"]
[Date "2014.04.27"]
[Round "11"]
[White "Szabo, Balazs"]
[Black "Izso, Daniel"]
[Result "1/2-1/2"]
[WhiteElo "2315"]
[BlackElo "2355"]
[PlyCount "42"]
[EventDate "2013.09.08"]
[EventType "team-tourn"]
[EventRounds "11"]
[EventCountry "HUN"]
[SourceTitle "EXT 2016"]
[Source "ChessBase"]
[SourceDate "2015.10.08"]
[SourceVersion "1"]
[SourceVersionDate "2015.10.08"]
[SourceQuality "1"]
[WhiteTeam "Hajduboszormeny"]
[BlackTeam "Budapest MLTC II"]
[WhiteTeamCountry "HUN"]
[BlackTeamCountry "HUN"]

1. g3 d5 2. Bg2 Nf6 3. Nf3 e6 4. 0-0 c5 5. c4 dxc4 6. Na3 Be7 7. Nxc4 0-0 8. b3 b5 9. Ne3 Bb7 10. Bb2 Nbd7 11. d4 Qb6 12. Rc1 Rfd8 13. Rc2 Be4 14. Rd2 Rac8 15. dxc5 Bxc5 16. Bd4 Bxd4 17. Rxd4 Ne5 18. Rxd8+ Rxd8 19. Qc1 Nxf3+ 20. Bxf3 Bxf3 21. exf3 h6 1/2-1/2